000 00629nam a2200205 i 4500
001 47775
003 ES-MaACL
005 20230906161628.0
007 t|
008 030526q1918 sp ||||1| spa d
080 _a335.49(100)
080 _a940.3
100 1 _aBesson, A.
_928603
245 1 3 _aLa marina francesa durante cuarenta meses de guerra naval /
_cpor el vicealmirante Besson.
260 _aMadrid :
_bP. Orrier,
_c[1918]
300 _a48 p. :
_bil. ;
_c24 cm.
650 1 4 _aMarina de guerra-
_zFrancia.
_9171498
650 0 0 _aGuerra mundial, 1914-1918-
_xOperaciones navales.
_913223
852 _aES-MaACL
_j1556-F-4
999 _c47775
_d47775